LEADER 05679nam 2200805Ia 450 001 9910454537903321 005 20200520144314.0 010 $a1-282-19682-0 010 $a9786612196829 010 $a3-11-020728-1 024 7 $a10.1515/9783110207286 035 $a(CKB)1000000000691573 035 $a(EBL)364782 035 $a(OCoLC)476197651 035 $a(SSID)ssj0000241989 035 $a(PQKBManifestationID)11203627 035 $a(PQKBTitleCode)TC0000241989 035 $a(PQKBWorkID)10299719 035 $a(PQKB)11098245 035 $a(MiAaPQ)EBC364782 035 $a(WaSeSS)Ind00014613 035 $a(DE-B1597)34545 035 $a(OCoLC)1029837384 035 $a(OCoLC)1032681490 035 $a(OCoLC)1037982704 035 $a(OCoLC)1042020870 035 $a(OCoLC)1046612182 035 $a(OCoLC)1047005569 035 $a(OCoLC)1049626214 035 $a(OCoLC)1054878699 035 $a(OCoLC)471132624 035 $a(OCoLC)775643819 035 $a(DE-B1597)9783110207286 035 $a(Au-PeEL)EBL364782 035 $a(CaPaEBR)ebr10256582 035 $a(CaONFJC)MIL219682 035 $a(EXLCZ)991000000000691573 100 $a20080801d2008 uy 0 101 0 $ager 135 $aur||||||||||| 181 $ctxt 182 $cc 183 $acr 200 00$aSchrift und Liebe in der Kultur des Mittelalters$b[electronic resource] /$fherausgegeben von Mireille Schnyder 205 $a1. Aufl. 210 $aBerlin $cDe Gruyter$d2008 215 $a1 online resource (268 p.) 225 1 $aTrends in medieval philology ;$vv. 13 300 $aDescription based upon print version of record. 311 $a3-11-020315-4 320 $aIncludes index. 327 $tFrontmatter -- $tInhaltsverzeichnis -- $tSchrift und Liebe in der Kultur des Mittelalters. Einführung -- $tVom Nutzen der Philologie für den Umgang mit anonymen Liebesbriefen. Ein Nachwort zu den Epistolae duorum amantium / $rMoos, Peter Von -- $tSprechende Bücher - verschwundene Schrift. Probleme und Praktiken der Kodifizierung von Intimität in der Volkssprache im Früh- und Hochmittelalter. Zugleich eine These zur Spätüberlieferung des Minnesangs / $rMüller, Stephan -- $tAmors Pfeil. Liebe zwischen Medialisierung und Mythisierung in Heinrichs von Veldeke Eneasroman / $rQuast, Bruno / Schausten, Monika -- $t,her sal mir deste holder sîn, / swenner weiz den willen mîn'. Variationen des Liebesgeständnisses in Heinrichs von Veldeke Eneasroman / $rBußmann, Astrid -- $tMinne als Brief. Zum Ausdruck von Intimität im nachklassischen höfischen Roman (Rudolf von Ems: Willehalm von Orlens; Johann von Würzburg: Wilhelm von Österreich) / $rHuber, Christoph -- $tSchrift und ,ökonomische Logik' im höfi schen Liebesdiskurs: Flore und Blanschefl ur und Apollonius von Tyrland / $rEgidi, Margreth -- $tKörperzeichen, Zeichenschrift, Schriftkörper: die Liebe der Schrift in Dantes Vita nuova / $rKuhn, Barbara -- $tMinne schreiben. Schriftmetaphorik und Schriftpraxis in den ,Minnereden' des späten Mittelalters / $rLieb, Ludger -- $tGescheiterte Liebeserziehung - gelungene Beschriftung: Sprache und Begehren im Märe Des Mönchs Not / $rReichlin, Susanne -- $tEin sehr herrlich Gestalt eins Weibsbilds. Helena als Figur des Begehrens in der Historia von D. Johann Fausten / $rKraß, Andreas -- $tRegister 330 $aDer vorliegende Sammelband verortet sich im Schnittpunkt einer Technik- und Materialgeschichte der Kommunikation, einer historischen Medienforschung, einer Geschichte der Gefühle sowie der Geschlechtergeschichte. Die Zeit des 11. bis 15. Jahrhunderts ist die Zeit der "Verschriftung" der europäischen Kultur, der Verschriftlichung der Volkssprachen und des Eindringens der Schrift in die Bereiche von Verwaltung, Rechtswesen und Herrschaftsausübung. In diesem Kontext stellt sich die Frage, inwiefern die sich in diesem Prozess herausbildenden Liebeskonzepte durch die Schriftkultur geprägt sind. Dabei wird nicht nur die Materialität und Pragmatik des Mediums in den Blick genommen (Schreibmaterialien und Schrifthandeln), sondern genauso das mediale Konzept (Schrift als Medium der Abstraktion, als Distanzmedium, als Verfestigungsmedium, als Medium des Auges und der Anschaulichkeit) und die Schrifttradition. Der Band weist exemplarisch auf die zentrale Bedeutung der Mediengeschichte für die historische Emotionalitätsforschung hin und ist insofern auch Teil einer noch zu schreibenden Mediengeschichte der Emotionen. 330 $aDespite some tendencies in more recent research, there is still a need for a close linking of research in the history of emotionality with questions in media theory. This is the starting point for the present volume, which enquires into the effects on contemporary concepts of love of the "scriptorality" of European culture in the period from the 11th to 15th centuries. The various papers on medieval Latin, German and Italian literature focus not only on the materiality and pragmatics of the medium, but also the concept of mediality and the written tradition. 410 0$aTrends in medieval philology ;$vv. 13. 606 $aLove in literature 606 $aCivilization, Medieval, in literature 608 $aElectronic books. 615 0$aLove in literature. 615 0$aCivilization, Medieval, in literature. 676 $a809/.933543 686 $aEC 5127$2rvk 701 $aSchnyder$b Mireille$f1963-$01039094 801 0$bMiAaPQ 801 1$bMiAaPQ 801 2$bMiAaPQ 906 $aBOOK 912 $a9910454537903321 996 $aSchrift und Liebe in der Kultur des Mittelalters$92461089 997 $aUNINA LEADER 02120nam0 22005173i 450 001 VAN00287011 005 20250417111849.78 017 70$2N$a9783642729058 100 $a20250217d1990 |0itac50 ba 101 $aeng 102 $aDE 105 $a|||| ||||| 181 $ai$b e 182 $ab 183 $acr 200 1 $aMathematics of Ramsey theory$fJaroslav Ne?et?il, Vojtech Rodl (eds.) 210 $aBerlin$cSpringer-Verlag$d1990 215 $axiv, 269 p.$cill.$d24 cm 410 1$1001VAN00048656$12001 $aAlgorithms and combinatorics$1210 $aBerlin [etc.]$cSpringer$d1987-2018.$v5 500 1$3VAN00287010$aMathematics of Ramsey theory$978922 606 $a00B25$xProceedings of conferences of miscellaneous specific interest [MSC 2020]$3VANC020732$2MF 606 $a05-XX$xCombinatorics [MSC 2020]$3VANC019812$2MF 606 $a05A18$xPartitions of sets [MSC 2020]$3VANC033728$2MF 606 $a05C55$xGeneralized Ramsey theory [MSC 2020]$3VANC023629$2MF 606 $a05D10$xRamsey theory [MSC 2020]$3VANC021235$2MF 610 $aCombinatorics$9KW:K 610 $aComplexity$9KW:K 610 $aGraphs$9KW:K 610 $aPartition$9KW:K 610 $aProofs$9KW:K 610 $aRamsey theory$9KW:K 610 $aTopological spaces$9KW:K 610 $aTree$9KW:K 620 $dBerlin$3VANL000066 702 1$aNe?et?il$bJaroslav$3VANV039082$4340 702 1$aRödl$bVojt?ch$3VANV039083$4340 712 $aSpringer $3VANV108073$4650 790 1$aNe?et?il, J.$zNe?et?il, Jaroslav$3VANV261145 801 $aIT$bSOL$c20260403$gRICA 856 4 $uhttps://doi.org/10.1007/978-3-642-72905-8$zE-book ? Accesso al full-text attraverso riconoscimento IP di Ateneo, proxy e/o Shibboleth 899 $aBIBLIOTECA DEL DIPARTIMENTO DI MATEMATICA E FISICA$1IT-CE0120$2VAN08 912 $fN 912 $aVAN00287011 950 $aBIBLIOTECA DEL DIPARTIMENTO DI MATEMATICA E FISICA$d08DLOAD e-Book 10681 $e08eMF10681 20250228 996 $aMathematics of Ramsey theory$978922 997 $aUNICAMPANIA